000 00334pab a2200121 454500
008 180718b xxu||||| |||| 00| 0 eng d
100 _aSubrahmanyam, D
245 _aFinancing urban poverty alleviation: should it be normative or market oriented
650 _a Urban Poor
650 _aPoverty
773 _aCivic Affairs
909 _a22344
999 _c22344
_d22344